| 000 | 00478nam a2200145 i 4500 | ||
|---|---|---|---|
| 001 | bg | ||
| 100 | 1 | _aOŚWIĘCIMSKI, Wiesław | |
| 245 | 0 |
_aWpływ wielostopniowego okresowo zmiennego widma udarowych naprężeń zginających na wytrzymałość zmęczeniową stali 40 / _cWiesław Oświęcimski, Tadeusz Porębski. |
|
| 260 |
_aWrocław, _c1974. |
||
| 700 | 1 | _aPORĘBSKI, Tadeusz | |
| 040 | _cBPK | ||
| 041 | _apol | ||
| 942 | _cKS | ||
| 008 | s pl f |000 0 pol | ||
| 999 |
_c26033 _d26033 |
||
| 856 |
_uhttp://koha.tu.koszalin.pl/cgi-bin/koha/opac-detail.pl?biblionumber=26033 _yKatalog online BPK |
||